[Event "FIDE Open World Blitz 2021"]
[Site "Warsaw"]
[Date "2021.12.30"]
[Round "20.5"]
[White "Fridman, Daniel"]
[Black "Theodorou, Nikolas"]
[Result "0-1"]
[WhiteElo "2626"]
[BlackElo "2351"]
[Annotator "ChessBase"]
[PlyCount "104"]
[EventDate "2021.12.29"]
[EventType "swiss"]
[EventCountry "POL"]
[Tiebreak "Cut1 Buchholz"]
[SourceTitle "playchess.com"]
[Source "ChessBase"]
[SourceQuality "1"]

1. d4 Nf6 2. Nf3 g6 3. c4 Bg7 4. g3 O-O 5. Bg2 d6 6. Nc3 Nc6 7. O-O e5 8. d5
Nb8 9. e4 a5 10. Ne1 Na6 11. Nd3 Nd7 12. Be3 Ndc5 13. Nxc5 Nxc5 14. a3 Bd7 15.
b4 axb4 16. axb4 Rxa1 17. Qxa1 Nb3 18. Qb2 Nd4 19. Ne2 Nxe2+ 20. Qxe2 f5 21.
Qd2 Qa8 22. Qb2 f4 23. Bd2 Qd8 24. f3 fxg3 25. hxg3 h5 26. Ra1 g5 27. Ra7 b6
28. c5 g4 29. fxg4 Bxg4 30. cxb6 cxb6 31. Qc1 Qf6 32. Qe1 Qg6 33. Qe3 Rc8 34.
Qg5 Qxg5 35. Bxg5 Rc4 36. b5 Rb4 37. Bf1 Rb1 38. Kf2 Rb2+ 39. Ke3 Rb3+ 40. Bd3
Bh3 41. Kd2 Rb2+ 42. Bc2 Rxb5 43. Be3 Bf1 44. Ra1 Bg2 45. Kc3 Ra5 46. Rg1 Ra3+
47. Kd2 Bf3 48. Bxb6 Bh6+ 49. Ke1 Ra2 50. Bd3 Bg4 51. Rf1 Bg5 52. Rf2 Ra1+ 0-1

[Event "FIDE Open World Blitz 2021"]
[Site "Warsaw"]
[Date "2021.12.30"]
[Round "20.5"]
[White "Sindarov, Javokhir"]
[Black "Aronian, Levon"]
[Result "0-1"]
[WhiteElo "2587"]
[BlackElo "2782"]
[Annotator "TA"]
[PlyCount "112"]
[EventDate "2021.12.29"]
[EventType "swiss"]
[EventCountry "POL"]
[Tiebreak "Cut1 Buchholz"]
[SourceTitle "playchess.com"]
[Source "ChessBase"]
[SourceQuality "1"]

1. e4 e5 2. Nf3 Nc6 3. Bc4 Bc5 4. b4 Bb6 5. a4 a6 6. Nc3 Nf6 7. O-O d6 8. Nd5
Nxd5 9. exd5 Ne7 10. d4 exd4 11. Nxd4 O-O 12. a5 Ba7 13. Bb2 Ng6 14. Kh1 Qg5
15. Bb3 Nh4 16. Rg1 Qf6 17. Qd2 Nf5 18. Rad1 Re8 19. Rge1 Bd7 20. c3 Bxd4 21.
cxd4 Bb5 22. Rxe8+ Rxe8 23. Re1 Kf8 24. Kg1 Nh4 25. Rxe8+ Kxe8 26. Bc2 Ng6 27.
Qe3+ Kd8 28. Bc1 h6 29. g3 Ne7 30. Be4 Bc4 31. Qf4 Qxf4 32. Bxf4 Bxd5 33. Bd3
Nc6 34. Bd2 Nxd4 35. Bc3 Nf3+ 36. Kf1 Nxh2+ 37. Ke2 f6 38. b5 axb5 39. Bxb5 Nf3
40. Ke3 Ne5 41. f4 Nd7 42. a6 bxa6 43. Bxa6 Nc5 44. Be2 Ne4 45. Be1 f5 46. g4
fxg4 47. Bxg4 Nf6 48. Be2 c5 49. f5 Ke7 50. Kf4 Be4 51. Bh4 Bc2 52. Bc4 Kd7 53.
Bb5+ Kc7 54. Be1 Nd5+ 55. Kg4 Ne3+ 56. Kf4 Ng2+ 0-1

[Event "FIDE Open World Blitz 2021"]
[Site "Warsaw"]
[Date "2021.12.30"]
[Round "20.6"]
[White "Giri, Anish"]
[Black "Mamedyarov, Shakhriyar"]
[Result "1/2-1/2"]
[WhiteElo "2774"]
[BlackElo "2765"]
[Annotator "TA"]
[PlyCount "22"]
[EventDate "2021.12.29"]
[EventType "swiss"]
[EventCountry "POL"]
[Tiebreak "Cut1 Buchholz"]
[SourceTitle "playchess.com"]
[Source "ChessBase"]
[SourceQuality "1"]

1. Nf3 d5 2. d4 e6 3. c4 a6 4. Bg5 f6 5. Bd2 dxc4 6. a4 c5 7. e3 Nc6 8. Bxc4
cxd4 9. O-O dxe3 10. Bxe3 Qxd1 11. Rxd1 Nge7 1/2-1/2

[Event "FIDE Open World Blitz 2021"]
[Site "Warsaw"]
[Date "2021.12.30"]
[Round "20.6"]
[White "Blohberger, Felix"]
[Black "Bartel, Mateusz"]
[Result "0-1"]
[WhiteElo "2490"]
[BlackElo "2619"]
[Annotator "ChessBase"]
[PlyCount "126"]
[EventDate "2021.12.29"]
[EventType "swiss"]
[EventCountry "POL"]
[Tiebreak "Cut1 Buchholz"]
[SourceTitle "playchess.com"]
[Source "ChessBase"]
[SourceQuality "1"]

1. d4 e6 2. Nf3 Nf6 3. Bf4 b6 4. e3 Bb7 5. Bd3 Be7 6. h3 c5 7. O-O Nc6 8. c3
O-O 9. Re1 Nd5 10. Bh2 f5 11. a3 Nf6 12. Nbd2 d5 13. Ne5 Bd6 14. Ndf3 Qc7 15.
Nxc6 Bxh2+ 16. Nxh2 Bxc6 17. f4 c4 18. Bc2 b5 19. Nf3 a5 20. Ne5 Nd7 21. Qd2
Nxe5 22. fxe5 Rab8 23. Rf1 Qe7 24. b4 cxb3 25. Bxb3 Bd7 26. Kh1 Rfc8 27. Rfc1
Rc7 28. Bd1 Rbc8 29. Be2 Qh4 30. Rab1 Qf2 31. Rf1 Qg3 32. Rf3 Qg5 33. Bxb5 Bxb5
34. Rxb5 Rxc3 35. Rb8 Rxb8 36. Qxc3 Qd8 37. Kh2 a4 38. Qc6 Qe8 39. Qc7 Rc8 40.
Qa7 h6 41. Rg3 g5 42. Qb6 Kf7 43. Rf3 Kg6 44. Qb4 h5 45. Rf1 h4 46. Qd6 Rc6 47.
Qb4 Rc2 48. Qb7 Rc3 49. Rb1 Rxe3 50. Qc7 Rb3 51. Rxb3 axb3 52. Qb6 g4 53. hxg4
fxg4 54. Qxb3 Qf8 55. Qd3+ Kh6 56. Qe3+ Kh5 57. Qd3 Qf4+ 58. Kg1 Kh6 59. a4 g3
60. Qd1 h3 61. Kh1 hxg2+ 62. Kxg2 Qf2+ 63. Kh3 Qh2+ 0-1

[Event "FIDE Open World Blitz 2021"]
[Site "Warsaw"]
[Date "2021.12.30"]
[Round "20.7"]
[White "Martirosyan, Haik M."]
[Black "Fedoseev, Vladimir"]
[Result "1/2-1/2"]
[WhiteElo "2624"]
[BlackElo "2704"]
[Annotator "ChessBase"]
[PlyCount "100"]
[EventDate "2021.12.29"]
[EventType "swiss"]
[EventCountry "POL"]
[Tiebreak "Cut1 Buchholz"]
[SourceTitle "playchess.com"]
[Source "ChessBase"]
[SourceQuality "1"]

1. d4 Nf6 2. c4 e6 3. Nf3 h6 4. g3 Bb4+ 5. Bd2 Be7 6. Bg2 d5 7. O-O O-O 8. Bc3
c6 9. Nbd2 b5 10. cxb5 cxb5 11. Nb3 b4 12. Bd2 a5 13. Rc1 Ba6 14. Bf4 a4 15.
Nc5 Bxc5 16. Rxc5 Nbd7 17. Rc1 Qa5 18. Ne5 Nxe5 19. Bxe5 Nd7 20. Bd6 Rfc8 21.
Qd2 Qb5 22. e4 Qb6 23. Bc5 Nxc5 24. dxc5 Rxc5 25. Rxc5 Bxf1 26. Qd4 Bxg2 27.
Kxg2 Qb7 28. exd5 Rd8 29. Rc4 Rxd5 30. Qe4 Rb5 31. Qxb7 Rxb7 32. Rc8+ Kh7 33.
Ra8 a3 34. bxa3 bxa3 35. Rxa3 Rb2 36. Ra6 g5 37. g4 Kg6 38. h3 h5 39. Kg3 h4+
40. Kg2 Kf6 41. Ra7 e5 42. Ra6+ Kg7 43. Ra7 Kg6 44. Ra6+ Kg7 45. Ra7 Kg6 46.
Ra6+ f6 47. Ra7 Rc2 48. a4 Ra2 49. a5 e4 50. Re7 Rxa5 1/2-1/2

[Event "FIDE Open World Blitz 2021"]
[Site "Warsaw"]
[Date "2021.12.30"]
[Round "20.7"]
[White "Parligras, Mircea-Emilian"]
[Black "Demidov, Mikhail"]
[Result "1-0"]
[WhiteElo "2576"]
[BlackElo "2592"]
[Annotator "ChessBase"]
[PlyCount "103"]
[EventDate "2021.12.29"]
[EventType "swiss"]
[EventCountry "POL"]
[Tiebreak "Cut1 Buchholz"]
[SourceTitle "playchess.com"]
[Source "ChessBase"]
[SourceQuality "1"]

1. d4 g6 2. e4 Bg7 3. Nf3 d6 4. Bc4 e6 5. O-O a6 6. Bb3 b6 7. c3 Bb7 8. Re1 Nd7
9. Nbd2 Ne7 10. Nf1 h6 11. Ng3 O-O 12. Be3 Nf6 13. Bd2 d5 14. e5 Ne4 15. Bc2
Nxd2 16. Qxd2 c5 17. h4 Rc8 18. h5 cxd4 19. cxd4 Qd7 20. Rac1 Qb5 21. Bd3 Qa5
22. Qxa5 bxa5 23. hxg6 fxg6 24. Ne2 g5 25. Rxc8 Rxc8 26. Rc1 a4 27. Rxc8+ Nxc8
28. Nc3 Nb6 29. g4 Bf8 30. a3 Kf7 31. Nd2 Be7 32. f3 Bd8 33. Kf2 Bc7 34. Ke3
Bb8 35. Nf1 Ba7 36. Ng3 Nd7 37. Nxa4 Nxe5 38. Be2 Nd7 39. Kd3 Ke7 40. Bd1 Bc6
41. Nc3 Bb8 42. Nge2 e5 43. Bb3 Kd6 44. Ba4 Bxa4 45. Nxa4 exd4 46. Nxd4 Ne5+
47. Ke2 Nc4 48. Nf5+ Ke5 49. Nxh6 Kf4 50. Nf5 Be5 51. Nc5 Nxb2 52. Ne6# 1-0

[Event "FIDE Open World Blitz 2021"]
[Site "Warsaw"]
[Date "2021.12.30"]
[Round "20.8"]
[White "Dreev, Aleksey"]
[Black "Grischuk, Alexander"]
[Result "1/2-1/2"]
[WhiteElo "2635"]
[BlackElo "2773"]
[Annotator "TA"]
[PlyCount "38"]
[EventDate "2021.12.29"]
[EventType "swiss"]
[EventCountry "POL"]
[Tiebreak "Cut1 Buchholz"]
[SourceTitle "playchess.com"]
[Source "ChessBase"]
[SourceQuality "1"]

1. d4 Nf6 2. Nf3 d5 3. c4 e6 4. Nc3 Be7 5. Bf4 O-O 6. e3 Nbd7 7. a3 c5 8. cxd5
Nxd5 9. Nxd5 exd5 10. dxc5 Nxc5 11. Be5 Bf5 12. Be2 Bf6 13. Bxf6 Qxf6 14. Qd4
Qd6 15. Rd1 Rad8 16. Qd2 Qf6 17. Qd4 Qd6 18. Qd2 Qf6 19. Qd4 Qd6 1/2-1/2

[Event "FIDE Open World Blitz 2021"]
[Site "Warsaw"]
[Date "2021.12.30"]
[Round "20.8"]
[White "Kozak, Adam"]
[Black "Halkias, Stelios"]
[Result "0-1"]
[WhiteElo "2532"]
[BlackElo "2575"]
[Annotator "ChessBase"]
[PlyCount "80"]
[EventDate "2021.12.29"]
[EventType "swiss"]
[EventCountry "POL"]
[Tiebreak "Cut1 Buchholz"]
[SourceTitle "playchess.com"]
[Source "ChessBase"]
[SourceQuality "1"]

1. Nf3 Nf6 2. g3 g6 3. Bg2 Bg7 4. O-O O-O 5. d4 d6 6. Re1 d5 7. c3 c6 8. Nbd2
a5 9. e4 dxe4 10. Nxe4 Nxe4 11. Rxe4 Nd7 12. Bf4 Nf6 13. Re1 Nd5 14. Be5 Bg4
15. Qd2 Bxf3 16. Bxf3 a4 17. a3 e6 18. h4 h5 19. Bxg7 Kxg7 20. Re5 Nf6 21. Rae1
Ra5 22. Qg5 Rxe5 23. Qxe5 Qb6 24. Re2 Ra8 25. Qf4 Qd8 26. Qd2 Ra5 27. Re1 Qd6
28. Bd1 c5 29. Bf3 cxd4 30. cxd4 Rb5 31. Rc1 Rb3 32. Kg2 e5 33. Rd1 e4 34. Be2
e3 35. Qc2 exf2 36. Bf3 Ng4 37. Rd3 f1=Q+ 38. Kxf1 Qxg3 39. Rxb3 axb3 40. Qg2
Ne3+ 0-1

[Event "FIDE Open World Blitz 2021"]
[Site "Warsaw"]
[Date "2021.12.30"]
[Round "20.9"]
[White "Kravtsiv, Martyn"]
[Black "Erigaisi Arjun"]
[Result "1-0"]
[WhiteElo "2616"]
[BlackElo "2627"]
[Annotator "ChessBase"]
[PlyCount "75"]
[EventDate "2021.12.29"]
[EventType "swiss"]
[EventCountry "POL"]
[Tiebreak "Cut1 Buchholz"]
[SourceTitle "playchess.com"]
[Source "ChessBase"]
[SourceQuality "1"]

1. e4 c5 2. Nf3 d6 3. Bb5+ Nd7 4. d4 cxd4 5. Qxd4 a6 6. Bxd7+ Bxd7 7. O-O Nf6
8. Bg5 e6 9. Nbd2 b5 10. e5 dxe5 11. Nxe5 Be7 12. Rad1 Qc7 13. Ne4 Rd8 14. Nd6+
Bxd6 15. Qxd6 Qxd6 16. Rxd6 Ne4 17. Bxd8 Nxd6 18. Rd1 Nc4 19. Nxc4 bxc4 20. Ba5
e5 21. Rd6 Ke7 22. Rxa6 Rb8 23. Bc3 Rb5 24. f3 f6 25. Kf2 Rd5 26. Ke2 Bf5 27.
Ra7+ Ke6 28. a4 Bxc2 29. a5 Rd7 30. Ra8 Bd1+ 31. Kf2 Ba4 32. Rc8 Bb5 33. Bb4
Rb7 34. Bc3 Kd7 35. Rh8 h6 36. Ra8 Kc6 37. a6 Rb6 38. Rc8+ 1-0

[Event "FIDE Open World Blitz 2021"]
[Site "Warsaw"]
[Date "2021.12.30"]
[Round "20.9"]
[White "Narayanan.S.L"]
[Black "Zilka, Stepan"]
[Result "1-0"]
[WhiteElo "2570"]
[BlackElo "2593"]
[Annotator "ChessBase"]
[PlyCount "105"]
[EventDate "2021.12.29"]
[EventType "swiss"]
[EventCountry "POL"]
[Tiebreak "Cut1 Buchholz"]
[SourceTitle "playchess.com"]
[Source "ChessBase"]
[SourceQuality "1"]

1. d4 Nf6 2. c4 e6 3. Nf3 d5 4. g3 dxc4 5. Bg2 a6 6. O-O Nc6 7. b3 cxb3 8. Qxb3
Be7 9. Bb2 O-O 10. Rc1 Bd7 11. Nbd2 Na5 12. Qc3 Nd5 13. Qc2 c5 14. dxc5 Rc8 15.
Nb3 Ba4 16. Qd1 Nc6 17. Rc4 Bb5 18. Rc2 Bf6 19. Bxf6 Nxf6 20. Nfd4 Ba4 21. Nxc6
Bxc6 22. Bxc6 Rxc6 23. Qxd8 Rxd8 24. Na5 Rc7 25. Rb2 Rxc5 26. Nxb7 Rb8 27. Nxc5
Rxb2 28. Nxa6 Rxe2 29. a4 g5 30. a5 Ne4 31. Nb4 Nxf2 32. Kf1 Rb2 33. a6 Ng4 34.
a7 Nxh2+ 35. Ke1 Nf3+ 36. Kd1 Rd2+ 37. Kc1 Rd8 38. a8=Q Rxa8 39. Rxa8+ Kg7 40.
Kd1 h5 41. Ke2 g4 42. Nd3 e5 43. Ra6 f5 44. Ke3 h4 45. gxh4 f4+ 46. Ke4 Nxh4
47. Nxe5 g3 48. Kxf4 g2 49. Ra1 Kf6 50. Kg4 Nf5 51. Nf3 Ne3+ 52. Kg3 Kf5 53.
Kf2 1-0

[Event "FIDE Open World Blitz 2021"]
[Site "Warsaw"]
[Date "2021.12.30"]
[Round "20.10"]
[White "Gukesh D"]
[Black "Sarana, Alexey"]
[Result "1/2-1/2"]
[WhiteElo "2621"]
[BlackElo "2656"]
[Annotator "ChessBase"]
[PlyCount "166"]
[EventDate "2021.12.29"]
[EventType "swiss"]
[EventCountry "POL"]
[Tiebreak "Cut1 Buchholz"]
[SourceTitle "playchess.com"]
[Source "ChessBase"]
[SourceQuality "1"]

1. d4 Nf6 2. c4 e6 3. Nf3 d5 4. Nc3 Bb4 5. Qa4+ Nc6 6. e3 O-O 7. Qc2 b6 8. Bd2
Bb7 9. a3 Bd6 10. cxd5 exd5 11. Bd3 a6 12. O-O Ne7 13. b4 Ng6 14. Rfe1 Re8 15.
e4 dxe4 16. Nxe4 Nxe4 17. Bxe4 Bxe4 18. Rxe4 Rxe4 19. Qxe4 Qe8 20. Qc2 Qb5 21.
a4 Qd5 22. Re1 Rd8 23. Qd3 b5 24. axb5 axb5 25. g3 h6 26. h4 Ne7 27. Re4 Nc6
28. Qb1 Bxb4 29. Bxb4 Nxb4 30. Ne5 Nc6 31. Nxc6 Qxc6 32. Re5 Rxd4 33. Rxb5 g6
34. Rb8+ Kh7 35. Qb3 Kg7 36. Qb2 Qd5 37. Kh2 c5 38. Rc8 Qe5 39. Kg2 Qf5 40. Rc7
Qd5+ 41. Kg1 Qe5 42. Qb7 Qf5 43. Qc6 Rc4 44. Kg2 Rc2 45. Qf3 Qxf3+ 46. Kxf3 h5
47. Ke3 Kf6 48. f3 Rc3+ 49. Kf4 Rc4+ 50. Ke3 Ke6 51. Ra7 Rd4 52. Rc7 Rd5 53. g4
Kf6 54. Ke4 Rd4+ 55. Ke3 Rd5 56. Rc6+ Ke7 57. Rc7+ Ke6 58. Kf4 Rd4+ 59. Kg3
hxg4 60. fxg4 c4 61. h5 gxh5 62. gxh5 Kf6 63. Kf3 Rh4 64. Kg3 Rd4 65. Kf3 Kg7
66. h6+ Kg6 67. h7 Rh4 68. Rxc4 Rxh7 69. Kg2 Kg5 70. Kf2 Rh6 71. Rc5+ Kg6 72.
Rc6+ Kh5 73. Rc5+ Kg4 74. Rc4+ Kg5 75. Rc5+ f5 76. Rc3 Rh4 77. Kg2 Ra4 78. Kf2
Kg4 79. Rg3+ Kf4 80. Rf3+ Ke5 81. Re3+ Re4 82. Rxe4+ Kxe4 83. Ke2 f4 1/2-1/2

[Event "FIDE Open World Blitz 2021"]
[Site "Warsaw"]
[Date "2021.12.30"]
[Round "20.11"]
[White "Svane, Rasmus"]
[Black "Oparin, Grigoriy"]
[Result "0-1"]
[WhiteElo "2628"]
[BlackElo "2580"]
[Annotator "ChessBase"]
[PlyCount "98"]
[EventDate "2021.12.29"]
[EventType "swiss"]
[EventCountry "POL"]
[Tiebreak "Cut1 Buchholz"]
[SourceTitle "playchess.com"]
[Source "ChessBase"]
[SourceQuality "1"]

1. Nf3 Nf6 2. g3 d5 3. Bg2 g6 4. c4 c6 5. b3 Bg7 6. Bb2 O-O 7. O-O Nbd7 8. d4
b5 9. cxd5 cxd5 10. Ne5 Bb7 11. Nd3 Ne4 12. Nd2 Qb6 13. e3 Rfc8 14. b4 a5 15.
Nc5 Ndxc5 16. dxc5 Qe6 17. Bxg7 Kxg7 18. a3 Qf6 19. Nb3 axb4 20. axb4 Nc3 21.
Qc2 Ne4 22. Nd4 Bc6 23. Qe2 Bd7 24. Rfc1 e5 25. Rxa8 Rxa8 26. Nb3 Ra4 27. Na5
Rxb4 28. c6 Bc8 29. c7 Qd6 30. Nc6 Rc4 31. Rxc4 bxc4 32. Na7 Qxc7 33. Nxc8 Qxc8
34. Qc2 c3 35. Bf1 Qc5 36. Bd3 Nd6 37. Kg2 d4 38. exd4 exd4 39. Qe2 Qd5+ 40.
Kg1 Qc5 41. h4 h5 42. Kg2 Nb5 43. Bc4 Na3 44. Bb3 c2 45. Qe8 Qc7 46. Bxf7 Qxf7
47. Qe5+ Kh7 48. Qc5 d3 49. Qxa3 d2 0-1

[Event "FIDE Open World Blitz 2021"]
[Site "Warsaw"]
[Date "2021.12.30"]
[Round "20.11"]
[White "Petrovskyi, Vadym"]
[Black "Ponkratov, Pavel"]
[Result "1/2-1/2"]
[WhiteElo "2377"]
[BlackElo "2662"]
[Annotator "ChessBase"]
[PlyCount "125"]
[EventDate "2021.12.29"]
[EventType "swiss"]
[EventCountry "POL"]
[Tiebreak "Cut1 Buchholz"]
[SourceTitle "playchess.com"]
[Source "ChessBase"]
[SourceQuality "1"]

1. e4 g6 2. d4 Bg7 3. Nc3 d5 4. exd5 Nf6 5. Nf3 O-O 6. Be2 Nxd5 7. Nxd5 Qxd5 8.
O-O c5 9. c4 Qd6 10. Be3 cxd4 11. Bxd4 e5 12. Bc3 Qc7 13. Rc1 Nc6 14. c5 Be6
15. Qa4 h6 16. Bc4 Rae8 17. Bxe6 Rxe6 18. Rfd1 Kh7 19. Qh4 Kg8 20. Qc4 Rfe8 21.
b4 R6e7 22. b5 e4 23. Bxg7 Kxg7 24. bxc6 exf3 25. cxb7 Qxb7 26. c6 Qb2 27. c7
Rc8 28. Qf4 Qf6 29. Qxf6+ Kxf6 30. Rd6+ Re6 31. Rd7 Re7 32. Rd6+ Kg7 33. Rdc6
fxg2 34. Kxg2 Kf8 35. Kg3 Ke8 36. R6c3 Re6 37. Rd1 Ke7 38. h3 Rd6 39. Re1+ Kd7
40. Rec1 h5 41. h4 Rd4 42. f3 Rd5 43. Kf4 a6 44. a3 Rd6 45. Kg5 Ke7 46. Re3+
Re6 47. Rec3 Re5+ 48. Kf4 Rf5+ 49. Ke4 Kd7 50. Rd3+ Ke7 51. Rdc3 Rf6 52. Ke3
Kd7 53. Rd3+ Rd6 54. Rdc3 Re6+ 55. Kf4 Ke7 56. Rc4 Kd7 57. Kg3 Rd6 58. R1c3 Ke6
59. Kf4 Ke7 60. Ke5 Re6+ 61. Kf4 Kd7 62. Kg5 Ke7 63. Kf4 1/2-1/2

[Event "FIDE Open World Blitz 2021"]
[Site "Warsaw"]
[Date "2021.12.30"]
[Round "20.12"]
[White "Nihal Sarin"]
[Black "Amin, Bassem"]
[Result "1-0"]
[WhiteElo "2650"]
[BlackElo "2617"]
[Annotator "ChessBase"]
[PlyCount "313"]
[EventDate "2021.12.29"]
[EventType "swiss"]
[EventCountry "POL"]
[Tiebreak "Cut1 Buchholz"]
[SourceTitle "playchess.com"]
[Source "ChessBase"]
[SourceQuality "1"]

1. d4 Nf6 2. Bf4 g6 3. Nc3 d5 4. e3 Bg7 5. Nb5 Na6 6. h3 O-O 7. Nf3 c6 8. Nc3
Nc7 9. Be2 Nce8 10. O-O Nd6 11. Ne5 Nfe4 12. Nxe4 Nxe4 13. c4 f6 14. Nf3 Be6
15. Qc2 Qd7 16. Bh2 Nd6 17. cxd5 cxd5 18. Qb3 Rfc8 19. Rac1 Nc4 20. Rfd1 Bf7
21. Ne1 Rc6 22. Nd3 Rb6 23. Qc3 Rc8 24. Nc5 Qe8 25. b3 Nd6 26. Qa5 Rbc6 27.
Bxd6 exd6 28. Nd3 Rxc1 29. Rxc1 Rxc1+ 30. Nxc1 Qc8 31. Nd3 a6 32. Bf3 b5 33.
Nf4 Bf8 34. Nxd5 Kg7 35. Qc3 Qf5 36. e4 Qg5 37. Ne3 h5 38. Qc6 a5 39. Be2 a4
40. Qd7 axb3 41. axb3 Qf4 42. Bxb5 Qxe4 43. Bc4 Be7 44. Bxf7 Kxf7 45. Qa4 f5
46. Qc4+ Kg7 47. Qd5 Qb1+ 48. Kh2 f4 49. Qe6 Bf6 50. Nd5 Bxd4 51. Nxf4 Be5 52.
Qe7+ Kh6 53. Qf8+ Kh7 54. Qf7+ Kh6 55. g3 Bxf4 56. Qxf4+ Kh7 57. Qf7+ Kh6 58.
Qf4+ Kh7 59. b4 d5 60. Qf7+ Kh6 61. Qf4+ Kh7 62. Kg2 Qb2 63. Qf7+ Kh6 64. Qf4+
Kh7 65. Qd6 d4 66. Qd7+ Kh6 67. b5 Qb3 68. Qxd4 Qxb5 69. Qh8+ Kg5 70. h4+ Kf5
71. Qf8+ Ke6 72. Qf3 Ke7 73. Qf4 Qd5+ 74. Kh2 Qc6 75. Kg1 Ke8 76. Kf1 Ke7 77.
Ke2 Qc2+ 78. Kf3 Qd1+ 79. Kg2 Qd5+ 80. Kh2 Qc6 81. Kg1 Ke8 82. Kf1 Qb5+ 83. Kg2
Qc6+ 84. Qf3 Qd6 85. Qe4+ Kf7 86. Kf3 Qa3+ 87. Qe3 Qa8+ 88. Qe4 Qa3+ 89. Kg2
Kg7 90. Qe5+ Kh7 91. Qc7+ Kh6 92. Qb7 Qd6 93. Qf3 Kg7 94. Qe4 Qf6 95. Qd5 Kh7
96. Kf1 Qa1+ 97. Ke2 Qb2+ 98. Kf3 Qf6+ 99. Ke3 Qb6+ 100. Qd4 Qe6+ 101. Kd3 Qf5+
102. Kc3 Qf3+ 103. Kc4 Qc6+ 104. Kd3 Qf3+ 105. Kd2 Qf5 106. Ke3 Qe6+ 107. Qe4
Qb3+ 108. Ke2 Qb5+ 109. Kf3 Qb3+ 110. Kf4 Kh6 111. Qe5 Qf7+ 112. Ke3 Qa7+ 113.
Qd4 Qe7+ 114. Kf3 Kh7 115. Qe4 Qf7+ 116. Kg2 Qf6 117. Qe2 Qc6+ 118. f3 Qd5 119.
Qe7+ Kh6 120. Qe3+ Kh7 121. Qe7+ Kh6 122. Qb4 Kh7 123. Qb2 Qc6 124. Qe2 Qb7
125. Qe4 Qa7 126. g4 hxg4 127. fxg4 Qa2+ 128. Kg3 Qa3+ 129. Qf3 Qd6+ 130. Kh3
Qe6 131. Qd3 Kg7 132. Kg3 Qe5+ 133. Kh3 Qe6 134. Qc3+ Kh7 135. Qf3 Kg7 136. Kg2
Qa2+ 137. Kg3 Qe6 138. Qb7+ Kh8 139. Qb2+ Kh7 140. Qd4 Qb3+ 141. Kf4 Qe6 142.
Qe5 Qc4+ 143. Kg5 Qc1+ 144. Kf6 Qc6+ 145. Kf7 Qf3+ 146. Qf6 Qd5+ 147. Qe6 Qf3+
148. Ke7 Kh6 149. Qf6 Qe4+ 150. Kf7 Qd5+ 151. Kf8 Qc5+ 152. Kg8 Qc8+ 153. Qf8+
Qxf8+ 154. Kxf8 Kh7 155. g5 Kh8 156. Kf7 Kh7 157. Kf6 1-0

[Event "FIDE Open World Blitz 2021"]
[Site "Warsaw"]
[Date "2021.12.30"]
[Round "20.12"]
[White "Kosakowski, Jakub"]
[Black "Jumabayev, Rinat"]
[Result "1-0"]
[WhiteElo "2340"]
[BlackElo "2658"]
[Annotator "ChessBase"]
[PlyCount "121"]
[EventDate "2021.12.29"]
[EventType "swiss"]
[EventCountry "POL"]
[Tiebreak "Cut1 Buchholz"]
[SourceTitle "playchess.com"]
[Source "ChessBase"]
[SourceQuality "1"]

1. Nf3 c5 2. e4 d6 3. Bb5+ Bd7 4. Bxd7+ Nxd7 5. O-O Ngf6 6. Re1 e6 7. c3 Be7 8.
d4 O-O 9. Nbd2 Rc8 10. e5 Ne8 11. Ne4 cxd4 12. cxd4 Nb6 13. Qe2 Nd5 14. a3 Rc6
15. g3 h6 16. h4 Qc7 17. Kg2 Rc2 18. Qd1 Rc4 19. Qd3 Qc6 20. Bd2 b5 21. Rac1
Qa6 22. h5 Nec7 23. exd6 Bxd6 24. Ne5 Bxe5 25. dxe5 Rd8 26. Nd6 Ne8 27. Rxc4
bxc4 28. Qe4 Nxd6 29. exd6 Rxd6 30. Rc1 Rc6 31. Qd4 Qb5 32. Kg1 a6 33. Qe5 Nf6
34. Qd4 Rc5 35. Be3 Rxh5 36. Rxc4 Qb7 37. Qd8+ Kh7 38. Qd3+ g6 39. Kf1 Qf3 40.
Rh4 Rd5 41. Rd4 Rh5 42. Rh4 Rxh4 43. gxh4 Qh3+ 44. Ke1 Qh1+ 45. Kd2 Qc6 46. Bd4
Nd5 47. b4 h5 48. Qf3 Qd7 49. Qd3 Ne7 50. Kc3 Nf5 51. Bf6 Qc6+ 52. Kb2 e5 53.
Qd8 Ng7 54. Bxe5 Qf3 55. Qf6 Qxf6 56. Bxf6 Ne8 57. Be5 f6 58. Bh2 Kg7 59. a4
Kf7 60. b5 axb5 61. a5 1-0

[Event "FIDE Open World Blitz 2021"]
[Site "Warsaw"]
[Date "2021.12.30"]
[Round "20.13"]
[White "Demchenko, Anton"]
[Black "Babazada, Khazar"]
[Result "1/2-1/2"]
[WhiteElo "2655"]
[BlackElo "2302"]
[Annotator "ChessBase"]
[PlyCount "250"]
[EventDate "2021.12.29"]
[EventType "swiss"]
[EventCountry "POL"]
[Tiebreak "Cut1 Buchholz"]
[SourceTitle "playchess.com"]
[Source "ChessBase"]
[SourceQuality "1"]

1. e4 Nf6 2. e5 Nd5 3. d4 d6 4. Nf3 Nb6 5. a4 a5 6. Bb5+ c6 7. Be2 g6 8. O-O
Bg7 9. exd6 Qxd6 10. Re1 O-O 11. c3 Bf5 12. Bg5 Re8 13. Nbd2 N8d7 14. Nh4 e6
15. g3 h6 16. Bf4 Qf8 17. Nxf5 exf5 18. Nc4 Re6 19. Nxb6 Nxb6 20. Bf3 Qe7 21.
Rxe6 Qxe6 22. Qc2 Re8 23. Bd2 Rd8 24. Re1 Qa2 25. Re7 Rd7 26. Rxd7 Nxd7 27. Bd1
Nf6 28. f3 h5 29. b3 Qa3 30. Kg2 h4 31. Be2 Qd6 32. Bf4 Qe7 33. Bc4 Nh5 34. Bd2
Qd6 35. Be1 hxg3 36. hxg3 Bh6 37. Qe2 Kg7 38. Bf2 Bg5 39. Qe5+ Qxe5 40. dxe5
Be7 41. Bb6 f6 42. e6 Kf8 43. Bxa5 Bd6 44. f4 Ke7 45. Bb6 g5 46. fxg5 fxg5 47.
Bf2 Ng7 48. b4 Nxe6 49. a5 Be5 50. Be1 Nc7 51. Kf3 g4+ 52. Kg2 Nb5 53. Bd3 Kf6
54. c4 Nc7 55. b5 cxb5 56. cxb5 f4 57. gxf4 Bxf4 58. b6 Nd5 59. Be4 Ne3+ 60.
Kg1 Ke7 61. Bxb7 Nc4 62. Bd5 Be3+ 63. Kg2 Nxb6 64. axb6 Bxb6 65. Kg3 Kd6 66.
Bg2 Kc7 67. Kxg4 Bc5 68. Kf5 Kb6 69. Ke6 Ka7 70. Kd5 Bg1 71. Kc6 Bd4 72. Bf1
Bg1 73. Bh4 Be3 74. Be7 Bg1 75. Bh3 Bf2 76. Bc8 Bg1 77. Bd6 Bf2 78. Bf5 Bg1 79.
Bd3 Bf2 80. Kc7 Bg1 81. Bb4 Bf2 82. Ba5 Bg1 83. Kc8 Bf2 84. Bc7 Bg1 85. Be4 Bf2
86. Bb7 Bg1 87. Bf3 Bf2 88. Bb8+ Kb6 89. Kd7 Bg1 90. Ke6 Bf2 91. Bh2 Ka7 92.
Kd5 Be3 93. Ke4 Bf2 94. Kd3 Bc5 95. Bg3 Bg1 96. Kc4 Be3 97. Kb5 Bg1 98. Kc6 Be3
99. Be2 Bg1 100. Kc7 Bb6+ 101. Kc8 Bg1 102. Bf4 Bf2 103. Bd6 Bg1 104. Bc7 Bf2
105. Kd7 Bg1 106. Kc6 Bf2 107. Bg4 Bg1 108. Bc8 Bf2 109. Bf4 Bg1 110. Bd2 Bf2
111. Ba5 Bg1 112. Be1 Be3 113. Bf5 Bg1 114. Bd3 Be3 115. Kc7 Bb6+ 116. Kc8 Bc5
117. Ba5 Bd4 118. Bc7 Bg1 119. Bd8 Bb6 120. Be7 Bg1 121. Bd6 Bf2 122. Bc7 Bg1
123. Bc4 Bf2 124. Be5 Bg1 125. Bd4+ Bxd4 1/2-1/2

[Event "FIDE Open World Blitz 2021"]
[Site "Warsaw"]
[Date "2021.12.30"]
[Round "20.13"]
[White "Murzin, Volodar"]
[Black "Mamedov, Rauf"]
[Result "1/2-1/2"]
[WhiteElo "2519"]
[BlackElo "2673"]
[Annotator "ChessBase"]
[PlyCount "133"]
[EventDate "2021.12.29"]
[EventType "swiss"]
[EventCountry "POL"]
[Tiebreak "Cut1 Buchholz"]
[SourceTitle "playchess.com"]
[Source "ChessBase"]
[SourceQuality "1"]

1. e4 c5 2. Nf3 Nc6 3. Bb5 g6 4. Bxc6 dxc6 5. O-O Bg7 6. d3 Nf6 7. Re1 Nd7 8.
e5 Nf8 9. Nbd2 Ne6 10. a4 b6 11. Nc4 O-O 12. Bd2 Nd4 13. Nxd4 cxd4 14. Qf3 Qc7
15. Re4 c5 16. Qg3 Be6 17. Rae1 a6 18. a5 Bxc4 19. dxc4 bxa5 20. Rh4 Rab8 21.
b3 a4 22. Bh6 axb3 23. cxb3 f5 24. Qh3 Bxh6 25. Rxh6 Rf7 26. e6 Rg7 27. Qd3 Qa5
28. Rd1 Qc3 29. Rh3 Qxd3 30. Rhxd3 g5 31. Re1 Rg6 32. Re5 Rb6 33. Rxc5 Rgxe6
34. Kf1 Re4 35. Rxf5 h6 36. h3 e5 37. f3 Re3 38. Rxe3 dxe3 39. Rxe5 Rxb3 40.
Ra5 Rb2 41. Rxa6 Rf2+ 42. Kg1 Rc2 43. Re6 Rxc4 44. Rxe3 Kf7 45. Kf2 Kf6 46. g4
Rc6 47. Kg3 Ra6 48. h4 Rb6 49. Rc3 Ra6 50. Rc7 gxh4+ 51. Kxh4 Ra1 52. Kg3 Ra4
53. f4 Ra1 54. Rc6+ Kg7 55. f5 Rg1+ 56. Kf4 Rf1+ 57. Ke3 Re1+ 58. Kf3 Rf1+ 59.
Kg2 Rf4 60. Rg6+ Kh7 61. Kg3 Rf1 62. Re6 h5 63. Kh4 hxg4 64. Kg5 g3 65. Rh6+
Kg7 66. Rg6+ Kf7 67. Kh4 1/2-1/2